000 00225nam a2200109Ia 4500
100 _aNew Series
942 _cBK
654 _aFuel
245 _aCarburetters & Fuel Systems
260 _bTempb Press
_c2001
546 _aENGLISH
999 _c21356
_d21356